[Event "ISL-chT2 1011"]
[Site "Reykjavik"]
[Date "2011.03.04"]
[Round "5.3"]
[White "Jonsson, Bjorgvin"]
[Black "Ingvarsson, Kjartan"]
[Result "1-0"]
[WhiteElo "2366"]
[BlackElo "1715"]
[PlyCount "75"]
[EventDate "2010.10.08"]
[EventType "team"]
[EventRounds "7"]
[EventCountry "ISL"]
[SourceTitle "EXT 2014"]
[Source "ChessBase"]
[SourceDate "2013.11.20"]
[SourceVersion "1"]
[SourceVersionDate "2013.11.20"]
[SourceQuality "1"]

1. e4 c5 2. Nf3 Nc6 3. d4 cxd4 4. Nxd4 e5 5. Nb5 d6 6. N1c3 a6 7. Na3 f5 8. exf5 Bxf5 9. Nd5 Nf6 10. Nxf6+ Qxf6 11. Bc4 b5 12. Bd5 Rc8 13. 0-0 Be7 14. c4 Nb4 15. cxb5 Nxd5 16. Qxd5 Be6 17. Qb7 axb5 18. Qxb5+ Bd7 19. Qd3 0-0 20. Nb5 Bf5 21. Qd1 Qg6 22. Nc3 Bh4 23. Be3 Bd3 24. Qd2 Bxf1 25. Rxf1 Qe6 26. Nd5 Rb8 27. b4 Rfc8 28. Rd1 Ra8 29. b5 Ra3 30. b6 Qf7 31. g3 Bd8 32. Rb1 Qb7 33. Qb4 Rd3 34. Nc7 Bxc7 35. a4 Bd8 36. a5 d5 37. Qb5 Ra3 38. Qe8# 1-0

[Event "ISL-chT2 1011"]
[Site "Reykjavik"]
[Date "2010.10.08"]
[Round "1.4"]
[White "Thorsteinsson, Arnar"]
[Black "Jonsson, Bjorgvin"]
[Result "0-1"]
[WhiteElo "2217"]
[BlackElo "2366"]
[PlyCount "70"]
[EventDate "2010.10.08"]
[EventType "team"]
[EventRounds "7"]
[EventCountry "ISL"]
[SourceTitle "EXT 2014"]
[Source "ChessBase"]
[SourceDate "2013.11.20"]
[SourceVersion "1"]
[SourceVersionDate "2013.11.20"]
[SourceQuality "1"]

1. e4 c5 2. Nf3 d6 3. d4 cxd4 4. Nxd4 Nf6 5. Nc3 g6 6. Bc4 Bg7 7. Be3 Ng4 8. Bb5+ Kf8 9. 0-0 Nxe3 10. fxe3 e6 11. Qf3 Qe7 12. Rf2 Nd7 13. Raf1 Ne5 14. Qe2 a6 15. Ba4 b5 16. Bb3 Ra7 17. Rd1 Kg8 18. h3 h6 19. a4 bxa4 20. Nxa4 Kh7 21. Nf3 Nxf3+ 22. Rxf3 Rc7 23. Qd2 Rd8 24. Qb4 Bb7 25. Rf2 Qh4 26. Qb6 Rcd7 27. Rf4 Qg5 28. Rdf1 Rb8 29. h4 Qe5 30. Nc3 f5 31. exf5 gxf5 32. e4 Bf6 33. Bxe6 Qxe6 34. Rxf5 Bxc3 35. Qa7 Ra8 0-1

[Event "ISL-chT 0910"]
[Site "Reykjavik"]
[Date "2010.03.05"]
[Round "5"]
[White "Sveinsson, Rikhardur"]
[Black "Jonsson, Bjorgvin"]
[Result "0-1"]
[WhiteElo "2159"]
[BlackElo "2359"]
[PlyCount "44"]
[EventDate "2009.09.25"]
[EventType "team-tourn"]
[EventRounds "7"]
[EventCountry "ISL"]
[SourceTitle "EXT 2011"]
[Source "ChessBase"]
[SourceDate "2010.11.26"]
[SourceVersion "1"]
[SourceVersionDate "2010.11.26"]
[SourceQuality "1"]

1. e4 c5 2. d3 g6 3. g3 Bg7 4. Bg2 e6 5. f4 Ne7 6. Nf3 0-0 7. 0-0 Nbc6 8. c3 b6 9. Qc2 Ba6 10. Rd1 d5 11. e5 Rc8 12. Qa4 Bb7 13. Be3 Qd7 14. Bf2 Nxe5 15. Qxa7 Qc7 16. Qa4 Ng4 17. d4 Nf5 18. Ne5 Nge3 19. Bxe3 Nxe3 20. Rd2 Ra8 21. Qb3 c4 22. Qb4 Rfd8 0-1

[Event "ISL-chT 0910"]
[Site "Reykjavik"]
[Date "2009.09.27"]
[Round "4"]
[White "Jonsson, Bjorgvin"]
[Black "Ragnarsson, Johann Hjortur"]
[Result "1-0"]
[WhiteElo "2359"]
[BlackElo "2118"]
[PlyCount "49"]
[EventDate "2009.09.25"]
[EventType "team-tourn"]
[EventRounds "7"]
[EventCountry "ISL"]
[SourceTitle "CBM 132 Extra"]
[Source "ChessBase"]
[SourceDate "2009.11.03"]
[SourceVersion "1"]
[SourceVersionDate "2009.11.03"]
[SourceQuality "1"]

1. e4 c6 2. d4 d5 3. Nc3 dxe4 4. Nxe4 Bf5 5. Ng3 Bg6 6. h4 h6 7. Nf3 Nd7 8. h5 Bh7 9. Bd3 Bxd3 10. Qxd3 e6 11. Bd2 Ngf6 12. 0-0-0 Qc7 13. Ne4 Nxe4 14. Qxe4 0-0-0 15. g3 Bd6 16. c4 Nf6 17. Qe2 c5 18. Bc3 cxd4 19. Nxd4 a6 20. Kb1 Rhe8 21. Rc1 Be5 22. Nb5 axb5 23. Bxe5 Qb6 24. cxb5+ Kd7 25. Qe3 1-0

[Event "ISL-chT 0910"]
[Site "Reykjavik"]
[Date "2009.09.26"]
[Round "3"]
[White "Einarsson, Halldor Gretar"]
[Black "Jonsson, Bjorgvin"]
[Result "1-0"]
[WhiteElo "2255"]
[BlackElo "2359"]
[PlyCount "135"]
[EventDate "2009.09.25"]
[EventType "team-tourn"]
[EventRounds "7"]
[EventCountry "ISL"]
[SourceTitle "CBM 132 Extra"]
[Source "ChessBase"]
[SourceDate "2009.11.03"]
[SourceVersion "1"]
[SourceVersionDate "2009.11.03"]
[SourceQuality "1"]

1. d4 Nf6 2. c4 e6 3. Nf3 b6 4. a3 Ba6 5. Qc2 Bb7 6. Nc3 c5 7. e4 cxd4 8. Nxd4 Bc5 9. Nb3 Nc6 10. Bg5 h6 11. Bh4 Nd4 12. Nxd4 Bxd4 13. Bd3 Qb8 14. Bg3 Be5 15. Qe2 0-0 16. 0-0 Bxg3 17. hxg3 d6 18. Rfd1 Qc7 19. Rac1 Rfd8 20. Bb1 a6 21. b4 Rac8 22. Ba2 Bc6 23. Bb3 Ba8 24. Rc2 Qc6 25. f3 Qc7 26. Qe3 Nd7 27. Qd4 Ne5 28. Na4 Rb8 29. Qe3 Qb7 30. Nb2 Rbc8 31. Rcd2 Qc7 32. Qe2 Bc6 33. f4 Ng6 34. Nd3 Re8 35. Nf2 Rcd8 36. Rd3 b5 37. Rc3 Qb7 38. c5 dxc5 39. Rxc5 Rxd1+ 40. Bxd1 Rc8 41. f5 exf5 42. exf5 Nf8 43. Re5 Bd5 44. f6 g6 45. Qd2 Qc6 46. Rxd5 Qxf6 47. Ng4 Qb6+ 48. Kh2 h5 49. Ne5 Qf6 50. Nf3 Rc4 51. Rd6 Qe7 52. Rxa6 Qc7 53. Qh6 Rg4 54. Qd2 Qxg3+ 55. Kg1 Ne6 56. Ra8+ Kh7 57. Ra7 Kg8 58. Qe2 h4 59. Rxf7 h3 60. Ra7 Qxg2+ 61. Qxg2 Rxg2+ 62. Kh1 Rb2 63. Ng1 Nf4 64. Bg4 Rb1 65. Rb7 Rb2 66. Nxh3 Nd3 67. Rxb5 Rd2 68. Be6+ 1-0

[Event "Reykjavik op 22nd"]
[Site "Reykjavik"]
[Date "2006.03.06"]
[Round "1"]
[White "Player, Edmund C"]
[Black "Jonsson, Bjorgvin"]
[Result "0-1"]
[WhiteElo "2122"]
[BlackElo "2392"]
[PlyCount "106"]
[EventDate "2006.03.06"]
[EventType "swiss"]
[EventRounds "9"]
[EventCountry "ISL"]
[SourceTitle "CBM 111 Extra"]
[Source "ChessBase"]
[SourceDate "2006.05.09"]
[SourceVersion "1"]
[SourceVersionDate "2006.05.09"]
[SourceQuality "1"]

1. e4 c5 2. Nc3 Nc6 3. Bb5 g6 4. Bxc6 dxc6 5. d3 Bg7 6. Be3 Qd6 7. Qd2 e5 8. Nge2 Nf6 9. h3 Nd7 10. Bh6 0-0 11. h4 Nf6 12. f3 b5 13. g4 c4 14. 0-0-0 b4 15. Nb1 cxd3 16. Bxg7 Kxg7 17. Qxd3 Qxd3 18. Rxd3 Be6 19. Nd2 c5 20. Rd1 Rfc8 21. Rd6 a5 22. Kb1 c4 23. Nf1 c3 24. b3 Ne8 25. Rb6 Rcb8 26. Rxb8 Rxb8 27. Ne3 Nc7 28. Nc1 f6 29. Ne2 Kf7 30. Rd3 Ke7 31. a4 Rh8 32. Ng3 Rd8 33. Rxd8 Kxd8 34. h5 Ke7 35. Kc1 Na6 36. Ng2 Nb8 37. Ne1 Nc6 38. hxg6 hxg6 39. Ne2 Kd6 40. Kd1 Bc8 41. Ng2 Ba6 42. Ng1 Bc8 43. Nh4 g5 44. Ng2 Nd4 45. Ne3 Be6 46. Kc1 Kc5 47. Kb1 Nxb3 48. cxb3 Bxb3 49. Ne2 Bxa4 50. Kc1 Bb3 51. Ng3 a4 52. Nh5 a3 53. Kb1 Kd4 0-1

[Event "EU-Cup 21st"]
[Site "Saint Vincent"]
[Date "2005.09.23"]
[Round "6.5"]
[White "Stanford, Maxim Barth"]
[Black "Jonsson, Bjorgvin"]
[Result "1-0"]
[WhiteElo "2344"]
[BlackElo "2415"]
[PlyCount "71"]
[EventDate "2005.09.18"]
[EventType "team-swiss"]
[EventRounds "7"]
[EventCountry "ITA"]
[SourceTitle "CBM 110"]
[Source "ChessBase"]
[SourceDate "2006.01.31"]
[SourceVersion "1"]
[SourceVersionDate "2006.01.31"]
[SourceQuality "1"]
[WhiteTeam "Barbican"]
[BlackTeam "Reykjavik CC"]
[WhiteTeamCountry "ENG"]
[BlackTeamCountry "ISL"]

1. d4 Nf6 2. c4 e6 3. Nf3 b6 4. g3 Ba6 5. b3 d5 6. Bg2 dxc4 7. Ne5 Bb4+ 8. Kf1 Bd6 9. Nxc4 Nd5 10. e4 Ne7 11. Bb2 Nbc6 12. Nbd2 e5 13. d5 Nd4 14. Nf3 c5 15. Kg1 Bxc4 16. bxc4 0-0 17. Bh3 Re8 18. Kg2 Nc8 19. a4 Bf8 20. Rc1 Nd6 21. Re1 g6 22. Nxd4 cxd4 23. f4 Bg7 24. Qd3 Qf6 25. Bd7 Re7 26. Bc6 Rd8 27. fxe5 Qxe5 28. Rcd1 Nxe4 29. d6 Qxd6 30. Bxe4 Qd7 31. Bd5 Rde8 32. Rxe7 Rxe7 33. Rf1 Qxa4 34. Ba3 Rc7 35. Bd6 Rd7 36. Qe4 1-0

[Event "EU-Cup 21st"]
[Site "Saint Vincent"]
[Date "2005.09.19"]
[Round "2.5"]
[White "Jonsson, Bjorgvin"]
[Black "Schebler, Gerhard"]
[Result "0-1"]
[WhiteElo "2415"]
[BlackElo "2482"]
[PlyCount "118"]
[EventDate "2005.09.18"]
[EventType "team-swiss"]
[EventRounds "7"]
[EventCountry "ITA"]
[SourceTitle "CBM 110"]
[Source "ChessBase"]
[SourceDate "2006.01.31"]
[SourceVersion "1"]
[SourceVersionDate "2006.01.31"]
[SourceQuality "1"]
[WhiteTeam "Reykjavik CC"]
[BlackTeam "Eynatten"]
[WhiteTeamCountry "ISL"]
[BlackTeamCountry "BEL"]

1. e4 c5 2. Nf3 a6 3. c4 d6 4. d4 Bg4 5. dxc5 Bxf3 6. Qxf3 dxc5 7. Nc3 Nc6 8. Be3 e6 9. Qd1 Qb6 10. Qb1 Nf6 11. h3 Bd6 12. Bd3 Be5 13. 0-0 Bd4 14. Bxd4 cxd4 15. Ne2 0-0 16. a3 a5 17. Qc2 Qc5 18. Rac1 e5 19. Qd2 a4 20. Ng3 Nd7 21. Qc2 g6 22. Be2 Qe7 23. c5 Ra5 24. Bc4 Nxc5 25. Qd2 Kg7 26. Bd5 Rb5 27. Qe2 d3 28. Qe3 Nd4 29. Rxc5 Qxc5 30. Nh5+ Kh8 31. Qh6 Rg8 32. Nf6 Rg7 33. Ne8 Qf8 34. Nxg7 Qxg7 35. Qd2 Qf6 36. Bc4 Rc5 37. Bxd3 Kg7 38. Qb4 Qc6 39. f4 Rc1 40. fxe5 Rxf1+ 41. Kxf1 Qc1+ 42. Qe1 Qxb2 43. Qe3 b5 44. Kg1 Ne6 45. Qb6 Qxa3 46. Qxb5 Qc1+ 47. Kh2 Qf4+ 48. Kh1 Qd2 49. Qa6 Qc1+ 50. Kh2 Qf4+ 51. Kh1 Nc5 52. Qd6 Nxd3 53. Qxd3 Qxe5 54. Qa3 Qxe4 55. Qc3+ Kh6 56. Qd2+ g5 57. Qa5 Qb1+ 58. Kh2 Qa1 59. Qc5 Kg6 0-1